The noble scholar, jurist, historian


 His Excellency Dr. Abdul Wahhab bin Ibrahim Abu Sulaiman, may Allah have mercy on him.


 He was born in Umm Al-Qura in the year 1356 AH.

كتاب الفروق تأليف الشيخ الإمام العالم العلامة أبي الفضل محمد بن صالح بن محمود بن الهيثم الكرابيسي الإشتابديزكي السمرقندي المتوفى سنة 322 هـ. / (Record no. 13540)

MARC details
000 -LEADER
fixed length control field 01657ctm a22003011a 4500
003 - CONTROL NUMBER IDENTIFIER
control field SA-RiAUC
005 - DATE AND TIME OF LATEST TRANSACTION
control field 20251215131021.0
007 - PHYSICAL DESCRIPTION FIXED FIELD--GENERAL INFORMATION
fixed length control field co ug ---uuauu         
008 - FIXED-LENGTH DATA ELEMENTS--GENERAL INFORMATION
fixed length control field 251208s1996 su fsbm 00000dara c
040 ## - CATALOGING SOURCE
Original cataloging agency SA-JeALM
Language of cataloging ara
Transcribing agency SA-RiAUC
Description conventions rda
082 04 - DEWEY DECIMAL CLASSIFICATION NUMBER
Classification number 258.1
Assigning agency SA-RiAUC
090 ## - LOCALLY ASSIGNED LC-TYPE CALL NUMBER (OCLC); LOCAL CALL NUMBER (RLIN)
Classification number (OCLC) (R) ; Classification number, CALL (RLIN) (NR) ر 258.1
Local cutter number (OCLC) ; Book number/undivided call number, CALL (RLIN) ز هـ ر
100 1# - MAIN ENTRY--PERSONAL NAME
Personal name الزهراني، عبد المحسن سعيد
245 10 - TITLE STATEMENT
Title كتاب الفروق تأليف الشيخ الإمام العالم العلامة أبي الفضل محمد بن صالح بن محمود بن الهيثم الكرابيسي الإشتابديزكي السمرقندي المتوفى سنة 322 هـ. /
Statement of responsibility, etc. عبد المحسن سعيد أحمد الزهراني ؛ إشراف يوسف محمود عبد المقصود.
260 ## - PUBLICATION, DISTRIBUTION, ETC.
Date of publication, distribution, etc. [1996]
264 ## - PRODUCTION, PUBLICATION, DISTRIBUTION, MANUFACTURE, AND COPYRIGHT NOTICE
Place of production, publication, distribution, manufacture مكة المكرمة :
Name of producer, publisher, distributor, manufacturer جامعة أم القرى
Date of production, publication, distribution, manufacture, or copyright notice 1997
300 ## - PHYSICAL DESCRIPTION
Extent 487 ورقة؛
Dimensions 30 سم.
500 ## - GENERAL NOTE
General note أطروحة (دكتوراه)-جامعة أم القرى، كلية الشريعة، 1417.
502 ## - DISSERTATION NOTE
Dissertation note أطروحة (دكتوراه)-جامعة أم القرى، كلية الشريعة، 1417.
504 ## - BIBLIOGRAPHY, ETC. NOTE
Bibliography, etc. note يشتمل على إرجاعات ببليوجرافية.
600 17 - SUBJECT ADDED ENTRY--PERSONAL NAME
Personal name الكرابيسي، أسعد بن محمد بن الحسين،
Dates associated with a name توفي 570 هجري
Source of heading or term aucnm
650 #7 - SUBJECT ADDED ENTRY--TOPICAL TERM
Topical term or geographic name entry element الفقه الحنفي
Source of heading or term aucsh
700 12 - ADDED ENTRY--PERSONAL NAME
Personal name الكرابيسي، أسعد بن محمد بن الحسين،
Dates associated with a name توفي 570 هجري.
Title of a work الفروق.
700 ## - ADDED ENTRY--PERSONAL NAME
Personal name عبد المقصود, يوسف محمود.
Relator term إشراف
740 22 - ADDED ENTRY--UNCONTROLLED RELATED/ANALYTICAL TITLE
Uncontrolled related/analytical title الفروق.
942 ## - ADDED ENTRY ELEMENTS (KOHA)
Source of classification or shelving scheme Dewey Decimal Classification
Koha item type رسالة علمية
Suppress in OPAC No
949 ## - LOCAL PROCESSING INFORMATION (OCLC)
a SA-JeALM
d 251208
u mohamedma123
n 1
Holdings
Withdrawn status Lost status Source of classification or shelving scheme Damaged status Not for loan Home library Current library Date acquired Total checkouts Full call number Barcode Date last seen Price effective from Koha item type
    Dewey Decimal Classification     DR AbdElwahab Library DR AbdElwahab Library 12/15/2025   ر 258.1 ز هـ ر 000021717 12/15/2025 12/15/2025 رسالة علمية